Philippines travel companion : (Record no. 338506)
[ view plain ]
| 000 -LEADER | |
|---|---|
| fixed length control field | 00557nam a22001817a 4500 |
| 003 - CONTROL NUMBER IDENTIFIER | |
| control field | SISC |
| 005 - DATE AND TIME OF LATEST TRANSACTION | |
| control field | 20170710165411.0 |
| 008 - FIXED-LENGTH DATA ELEMENTS--GENERAL INFORMATION | |
| fixed length control field | 170710b xxu||||| |||| 00| 0 eng d |
| 020 ## - INTERNATIONAL STANDARD BOOK NUMBER | |
| International Standard Book Number | 9718563121 |
| 050 ## - LIBRARY OF CONGRESS CALL NUMBER | |
| Classification number | G 153 |
| Item number | .K52 2002 |
| 100 ## - MAIN ENTRY--PERSONAL NAME | |
| Personal name | King, David. |
| 245 ## - TITLE STATEMENT | |
| Title | Philippines travel companion : |
| Remainder of title | your practical reference to discovering the best of our 7,107 islands / |
| Statement of responsibility, etc | David King. |
| 260 ## - PUBLICATION, DISTRIBUTION, ETC. (IMPRINT) | |
| Place of publication, distribution, etc | [Manila]: |
| Name of publisher, distributor, etc | Worldlink Books, |
| Date of publication, distribution, etc | 2002. |
| 300 ## - PHYSICAL DESCRIPTION | |
| Extent | 102 pages : |
| Other physical details | illustrations ; |
| Dimensions | 21.5 cm. |
| 650 ## - SUBJECT ADDED ENTRY--TOPICAL TERM | |
| Topical term or geographic name as entry element | Travel. |
| 650 ## - SUBJECT ADDED ENTRY--TOPICAL TERM | |
| Topical term or geographic name as entry element | Tourism. |
| 942 ## - ADDED ENTRY ELEMENTS (KOHA) | |
| Source of classification or shelving scheme | Library of Congress Classification |
| Koha item type | Books |
| Withdrawn status | Lost status | Source of classification or shelving scheme | Damaged status | Home library | Current library | Shelving location | Date acquired | Source of acquisition | Sub Shelving location | Total Checkouts | Full call number | Barcode | Date last seen | Price effective from | Koha item type |
|---|---|---|---|---|---|---|---|---|---|---|---|---|---|---|---|
| Library of Congress Classification | College Library | College Library | Filipiniana Section | 07/10/2017 | Donation | G 153 .K52 2002 | C20986 | 05/08/2018 | 07/10/2017 | Books |